000 00448nam a2200169Ia 4500
008 180921t xxu||||| |||| 00| 0 sin d
041 _asin
080 _a63
_bGOV
245 _aවී ගොවිතැන අනතුරේ
246 _aVee govithaena anathure
260 _bGovi thorathuru madyasthanaya
300 _a44p., 22 cm
650 _aAgriculture
_aPaddy
942 _cBK
999 _c16103
_d16103
003 LK-CoDNM
040 _aLK-CoDNM
_dLK-CoDNM
_eLK-CoDNM